Boy Names in Top 100 in 1917 & 2017-USA - Statistics

General Stats
  • This quiz has been taken 157 times
  • The average score is 13 of 19
Answer Stats
2017 1917 Answer % Correct
#27 #1 John
90%
#4 #3 James
85%
#3 #2 William
85%
#12 #44 Michael
82%
#15 #54 Daniel
80%
#23 #28 David
78%
#49 #7 Charles
74%
#48 #10 Thomas
73%
#65 #4 Robert
71%
#18 #15 Henry
69%
#19 #5 Joseph
69%
#6 #76 Benjamin
68%
#35 #22 Jack
68%
#40 #48 Andrew
66%
#13 #97 Alexander
62%
#21 #42 Samuel
56%
#32 #38 Anthony
50%
#61 #47 Leo
46%
#62 #63 Theodore
46%
No matching quizzes found
Score Distribution
Percent of People with Each Score
Percentile by Number Answered
Your Score History
You have not taken this quiz